[Event "Skopje op-B"]
[Site "Skopje"]
[Date "2023.12.11"]
[Round "8"]
[White "Gjorgjevski, Janco"]
[Black "Davkov, Mitko"]
[Result "1-0"]
[WhiteElo "1705"]
[BlackElo "1692"]
[PlyCount "69"]
[EventDate "2023.12.06"]
[EventType "swiss"]
[EventRounds "9"]
[EventCountry "MKD"]
[SourceTitle "CB51_2023"]
[SourceDate "2023.12.20"]
[SourceVersion "1"]
[SourceVersionDate "2023.12.20"]
[SourceQuality "1"]

1. c4 Nf6 2. Nc3 e6 3. Nf3 b6 4. g3 Bb7 5. Bg2 h6 6. 0-0 Be7 7. Qc2 0-0 8. d4 d5 9. Ne5 Qc8 10. Bf4 c5 11. dxc5 Bxc5 12. Rac1 dxc4 13. Bxb7 Qxb7 14. Nxc4 Rd8 15. a3 Na6 16. b4 Be7 17. Nb5 Rac8 18. Qb3 Ne8 19. Rc2 Qd7 20. Nc3 Bf6 21. Rfc1 Nac7 22. Be5 Nd5 23. Ne4 Be7 24. Bb2 Qb7 25. Qf3 Rc7 26. Ne5 f5 27. Rxc7 Nexc7 28. Nd2 Bf6 29. Nc6 Rf8 30. Bxf6 Rxf6 31. e4 fxe4 32. Qxe4 Qa6 33. Ne7+ Kf7 34. Nxd5 Nxd5 35. Nc4 1-0

[Event "Skopje op-B"]
[Site "Skopje"]
[Date "2023.12.10"]
[Round "7"]
[White "Lozanovski, Andrej"]
[Black "Gjorgjevski, Janco"]
[Result "0-1"]
[WhiteElo "1494"]
[BlackElo "1705"]
[PlyCount "104"]
[EventDate "2023.12.06"]
[EventType "swiss"]
[EventRounds "9"]
[EventCountry "MKD"]
[SourceTitle "CB51_2023"]
[SourceDate "2023.12.20"]
[SourceVersion "1"]
[SourceVersionDate "2023.12.20"]
[SourceQuality "1"]

1. Nf3 Nf6 2. c4 c6 3. Nc3 d5 4. e3 g6 5. b3 Bg7 6. Bb2 0-0 7. Be2 e6 8. 0-0 b6 9. d4 Bb7 10. Qc2 Nbd7 11. Rfd1 Rc8 12. Rac1 Qe7 13. Qb1 Rfd8 14. h3 Bf8 15. a3 Bg7 16. b4 dxc4 17. Bxc4 c5 18. bxc5 Bxf3 19. gxf3 bxc5 20. d5 Nb6 21. Ba6 Rb8 22. dxe6 Rxd1+ 23. Rxd1 Qxe6 24. Bf1 Nfd5 25. Qc2 Bxc3 26. Bxc3 Nxc3 27. Qxc3 c4 28. Qd4 Rc8 29. Rc1 Qc6 30. Rc3 h5 31. f4 Qb5 32. e4 Qb1 33. f5 Kh7 34. fxg6+ fxg6 35. Rg3 Rg8 36. Kg2 Re8 37. e5 Qc2 38. Rf3 Re7 39. Qd6 Rg7 40. Qf6 Qe4 41. e6 Nd5 42. Qg5 Ne7 43. Qe3 Qd5 44. Kg1 Nf5 45. Rxf5 gxf5+ 46. Kh2 Re7 47. Qg5 Qxe6 48. Bxc4 Qe5+ 49. Kh1 Qe4+ 50. Kh2 Qe5+ 51. f4 Qb2+ 52. Kg3 Rg7 0-1

[Event "Skopje op-B"]
[Site "Skopje"]
[Date "2023.12.08"]
[Round "4"]
[White "Gjorgjevski, Janco"]
[Black "Halilovic, Fahrudin"]
[Result "0-1"]
[WhiteElo "1705"]
[BlackElo "1977"]
[PlyCount "86"]
[EventDate "2023.12.06"]
[EventType "swiss"]
[EventRounds "9"]
[EventCountry "MKD"]
[SourceTitle "CB51_2023"]
[SourceDate "2023.12.20"]
[SourceVersion "1"]
[SourceVersionDate "2023.12.20"]
[SourceQuality "1"]

1. c4 f5 2. Nf3 Nf6 3. Nc3 e6 4. g3 b6 5. Bg2 Bb7 6. 0-0 Bb4 7. Qc2 0-0 8. a3 Bxc3 9. Qxc3 Ne4 10. Qc2 a5 11. b3 d6 12. Nd4 Qc8 13. Bb2 e5 14. Nb5 Ng5 15. f3 Qd8 16. Rad1 Ne6 17. e3 c6 18. Nc3 f4 19. Ne2 Qg5 20. exf4 exf4 21. g4 Nd7 22. d4 d5 23. Bc1 Qh4 24. Bd2 Rae8 25. Be1 Qe7 26. b4 Nc7 27. Rf2 Ba6 28. b5 cxb5 29. cxb5 Nxb5 30. Qb3 Nxa3 31. Qxd5+ Kh8 32. Nc3 Nc4 33. Qh5 Nf6 34. Qh3 Qa3 35. g5 Rxe1+ 36. Rxe1 Qxc3 37. Qe6 Ne3 38. Rb1 Nfd5 39. h4 Bd3 40. Qd6 Rg8 41. Rbf1 Bxf1 42. Bxf1 Qxd4 43. Be2 Qb4 0-1

[Event "Skopje op"]
[Site "Skopje"]
[Date "2022.10.27"]
[Round "9"]
[White "Theodoridis, Charalampos"]
[Black "Gjorgjevski, Janco"]
[Result "1/2-1/2"]
[WhiteElo "1542"]
[BlackElo "1835"]
[PlyCount "165"]
[EventDate "2022.10.21"]
[EventType "swiss"]
[EventRounds "9"]
[EventCountry "MKD"]
[SourceTitle "EXT 2024"]
[Source "ChessBase"]
[SourceDate "2023.10.10"]
[SourceVersion "1"]
[SourceVersionDate "2023.10.10"]
[SourceQuality "1"]

1. d4 d5 2. c4 c6 3. Nf3 Nf6 4. Nc3 e6 5. Bg5 Be7 6. e3 Nbd7 7. cxd5 exd5 8. Bd3 0-0 9. 0-0 Ne4 10. Bxe7 Qxe7 11. Qc2 f5 12. Rae1 Nb6 13. Ne5 Be6 14. f3 Nd6 15. e4 fxe4 16. fxe4 Rxf1+ 17. Rxf1 g5 18. exd5 Nxd5 19. Nxd5 cxd5 20. Qe2 Rf8 21. Rxf8+ Kxf8 22. Qh5 Kg8 23. Qf3 Kg7 24. a3 h6 25. Kf2 Qf6 26. g4 Ne8 27. Qxf6+ Nxf6 28. Kf3 h5 29. h3 hxg4+ 30. hxg4 Ne8 31. b3 Kf6 32. Ng6 Nc7 33. Nf8 Bg8 34. Nd7+ Ke7 35. Ne5 Ne6 36. Ke3 Bf7 37. Nxf7 Kxf7 38. Be2 Nf4 39. Bf3 Ke6 40. Kd2 Kd6 41. Kc3 Ne6 42. b4 b5 43. Bg2 Nf4 44. Bf3 Kc6 45. Kd2 Ne6 46. Kc3 Nd8 47. Bh1 Nf7 48. Bg2 Nd6 49. Bh1 Nc4 50. Kb3 Nd2+ 51. Kb2 Ne4 52. Bf3 Nd2 53. Bh1 Nf1 54. Bf3 Ng3 55. Kb3 Ne4 56. Kb2 Nd2 57. Bh1 Nc4+ 58. Kb3 Nb6 59. Bg2 Nd7 60. Bh1 Nf8 61. Kc3 Ne6 62. Bg2 Kd6 63. Bf1 Kc6 64. Bg2 Nf4 65. Bf3 Kd6 66. Kc2 Kc6 67. Kc3 Kb6 68. Kc2 Kc6 69. Kc3 Ne6 70. Bh1 Nc7 71. Bg2 Ne8 72. Bh1 Nf6 73. Bf3 Ne4+ 74. Kb2 Nd2 75. Bh1 Nc4+ 76. Kb3 Ne3 77. Bf3 Nf1 78. Kb2 Ng3 79. Kc3 Ne4+ 80. Kb2 Nd2 81. Bh1 Nc4+ 82. Kb3 Nd2+ 83. Kb2 1/2-1/2

[Event "FRM-ch op"]
[Site "Struga"]
[Date "2021.07.31"]
[Round "9"]
[White "Gjorgjevski, Janco"]
[Black "Bojkovski, Matej"]
[Result "1-0"]
[WhiteElo "1904"]
[BlackElo "1358"]
[PlyCount "83"]
[EventDate "2021.07.24"]
[EventType "swiss"]
[EventRounds "9"]
[EventCountry "MKD"]
[SourceTitle "CBM 203 Extra"]
[Source "ChessBase"]
[SourceDate "2021.09.30"]
[SourceVersion "1"]
[SourceVersionDate "2021.09.30"]
[SourceQuality "1"]

1. c4 e6 2. Nf3 Nf6 3. g3 d5 4. d4 Be7 5. Bg2 c6 6. 0-0 0-0 7. Qc2 Nbd7 8. b3 Re8 9. Nc3 Nf8 10. Rd1 Ng6 11. e4 dxe4 12. Ng5 Qc7 13. h4 Bf8 14. Ncxe4 Nxe4 15. Bxe4 f5 16. Bd3 b6 17. h5 Nh8 18. Re1 Bd7 19. g4 Nf7 20. Bd2 h6 21. Nxf7 Kxf7 22. gxf5 exf5 23. Bxf5 Bd6 24. Bg6+ Kg8 25. Bxe8 Bxe8 26. Qf5 Bd7 27. Qg6 Rf8 28. Bxh6 Bh2+ 29. Kg2 Bf5 30. Qxg7+ Qxg7+ 31. Bxg7 Kxg7 32. Kxh2 Kh6 33. Re5 Kxh5 34. Rg1 Kh6 35. Rg3 Bc8 36. f4 Rxf4 37. Re8 Bg4 38. Rg8 Kh5 39. d5 cxd5 40. cxd5 Rd4 41. d6 Rd2+ 42. Kg1 1-0

[Event "FRM-chT qual Gr-B"]
[Site "Ohrid"]
[Date "2020.08.21"]
[Round "1.3"]
[White "Kola, Elvis"]
[Black "Gjorgjevski, Janco"]
[Result "0-1"]
[WhiteElo "2050"]
[BlackElo "1877"]
[PlyCount "106"]
[EventDate "2020.08.21"]
[EventType "team-tourn"]
[EventRounds "5"]
[EventCountry "MKD"]
[SourceTitle "CBM 198 Extra"]
[Source "ChessBase"]
[SourceDate "2020.11.30"]
[SourceVersion "1"]
[SourceVersionDate "2020.11.30"]
[SourceQuality "1"]
[WhiteTeam "Shipkovica Anpasan"]
[BlackTeam "Kumanovo Fisher"]
[WhiteTeamCountry "MKD"]
[BlackTeamCountry "MKD"]

1. e4 e5 2. Nf3 Nf6 3. Nxe5 d6 4. Nf3 Nxe4 5. d4 d5 6. Bd3 Be7 7. 0-0 Nc6 8. c3 Bg4 9. Nbd2 f5 10. Qb3 Qd6 11. c4 Nxd2 12. Nxd2 0-0 13. cxd5 Nxd4 14. Qxb7 a5 15. Nc4 Qc5 16. Bf4 Ra7 17. Qxa7 Qxa7 18. Rfe1 Bc5 19. Rac1 Nb5 20. Rc2 Nd6 21. Ne5 Re8 22. Rec1 Bb6 23. Nc6 Qa8 24. h3 Bh5 25. Bxd6 cxd6 26. Bxf5 Bf7 27. Bd7 Bxd5 28. Ne7+ Kf7 29. Bxe8+ Kxe7 30. Re2+ Kf6 31. Bd7 Bc5 32. Rc3 Qb7 33. Bg4 Qb5 34. b3 g6 35. Bf3 Be6 36. Rec2 Bf5 37. Rc1 h5 38. Rc4 Qb6 39. g4 hxg4 40. hxg4 Bd3 41. R4c3 Bxf2+ 42. Kg2 Bb5 43. a4 Bd7 44. Rf1 Bd4 45. Rc4 Kg5 46. Rd1 Be5 47. Rd3 Be6 48. Rc1 Qb4 49. Rg1 Qf4 50. Re1 Qh2+ 51. Kf1 Qc2 52. Ree3 Bf4 53. Bd1 Qb1 0-1

[Event "Skopje op"]
[Site "Skopje"]
[Date "2019.12.10"]
[Round "7"]
[White "Gjorgjevski, Janco"]
[Black "Kalin, Andrei"]
[Result "1-0"]
[WhiteElo "1908"]
[BlackElo "1251"]
[PlyCount "99"]
[EventDate "2019.12.06"]
[EventType "swiss"]
[EventRounds "9"]
[EventCountry "MKD"]
[SourceTitle "CBM 193 Extra"]
[Source "ChessBase"]
[SourceDate "2020.01.31"]
[SourceVersion "1"]
[SourceVersionDate "2020.01.31"]
[SourceQuality "1"]

1. c4 e5 2. Nc3 Nf6 3. Nf3 Nc6 4. g3 d5 5. cxd5 Nxd5 6. Bg2 Be6 7. 0-0 Be7 8. d3 0-0 9. Bd2 Qd7 10. Re1 f6 11. a3 Nd4 12. Nxd5 Bxd5 13. Nxd4 exd4 14. Rc1 Bxg2 15. Kxg2 Rfe8 16. Bf4 c6 17. Qa4 Qd5+ 18. Kg1 Kh8 19. Rc2 Bd6 20. Bd2 Re7 21. Bb4 Bxb4 22. Qxb4 Rae8 23. Qa4 a6 24. Qb4 Rd7 25. Rc5 Qd6 26. Qa5 Re5 27. Rxe5 Qxe5 28. Qb4 Qe7 29. Qb6 Qd8 30. Qc5 Qe7 31. Qc4 Qf7 32. Qa4 Qd5 33. Qb4 Qd6 34. Qd2 Qd5 35. Qf4 Qd6 36. Qg4 Qd5 37. Rd1 h6 38. h4 Qd6 39. Qg6 Qe7 40. Rd2 Qf7 41. Qe4 Qe7 42. Qg4 Qd6 43. Rc2 Qd5 44. Rc4 Qd6 45. Qg6 Qe7 46. Kf1 Kg8 47. e3 dxe3 48. Re4 Qf8 49. Re8 e2+ 50. Ke1 1-0

[Event "Skopje op"]
[Site "Skopje"]
[Date "2019.12.09"]
[Round "6"]
[White "Janeski, Leon"]
[Black "Gjorgjevski, Janco"]
[Result "0-1"]
[WhiteElo "1288"]
[BlackElo "1908"]
[PlyCount "50"]
[EventDate "2019.12.06"]
[EventType "swiss"]
[EventRounds "9"]
[EventCountry "MKD"]
[SourceTitle "CBM 193 Extra"]
[Source "ChessBase"]
[SourceDate "2020.01.31"]
[SourceVersion "1"]
[SourceVersionDate "2020.01.31"]
[SourceQuality "1"]

1. e4 c5 2. Nf3 Nc6 3. d4 cxd4 4. Nxd4 Nf6 5. Nc3 Qb6 6. Be3 Nxd4 7. Bxd4 Qc7 8. e5 Ng8 9. Nb5 Qb8 10. Bc4 a6 11. Nc3 e6 12. a3 b5 13. Be2 Bb7 14. Bf3 Ne7 15. 0-0 Nc6 16. Ne2 Be7 17. Qd2 0-0 18. Rfe1 Rd8 19. Bb6 Nxe5 20. Bxb7 Qxb7 21. Bxd8 Rxd8 22. b3 Bf6 23. Rab1 g6 24. Nc3 d5 25. Qf4 Kg7 0-1

[Event "Skopje op"]
[Site "Skopje"]
[Date "2019.12.07"]
[Round "2"]
[White "Gjorgjevski, Janco"]
[Black "Kralevski, Aleksander"]
[Result "1/2-1/2"]
[WhiteElo "1908"]
[BlackElo "2119"]
[PlyCount "93"]
[EventDate "2019.12.06"]
[EventType "swiss"]
[EventRounds "9"]
[EventCountry "MKD"]
[SourceTitle "CBM 193 Extra"]
[Source "ChessBase"]
[SourceDate "2020.01.31"]
[SourceVersion "1"]
[SourceVersionDate "2020.01.31"]
[SourceQuality "1"]

1. c4 c6 2. Nc3 d5 3. e3 e5 4. cxd5 cxd5 5. d3 Nf6 6. Nf3 Nc6 7. Be2 Bd6 8. a3 0-0 9. b4 Qe7 10. Bb2 e4 11. dxe4 dxe4 12. Nd4 Nxd4 13. Qxd4 Rd8 14. 0-0-0 Bc7 15. Qc5 Qxc5 16. bxc5 Bd7 17. Bb5 Be6 18. c6 bxc6 19. Bxc6 Rac8 20. Bb7 Rb8 21. Rxd8+ Bxd8 22. Bxe4 Nxe4 23. Nxe4 f5 24. Nd6 Bb3 25. e4 fxe4 26. Re1 Bb6 27. Rxe4 Bc5 28. Re8+ Rxe8 29. Nxe8 Bxf2 30. Nxg7 Be3+ 31. Kb1 Bd5 32. Kc2 Bxg2 33. Kd3 Bf4 34. Nh5 Bxh2 35. Nf6+ Kf7 36. Nxh7 Ke6 37. Bd4 a6 38. Kc3 Bd6 39. Kb2 Be7 40. Bc3 Bf3 41. Bb4 Bd8 42. Nf8+ Kd5 43. Nd7 Bg4 44. Nb8 Bc8 45. Nxa6 Bxa6 46. Bc3 Kc4 47. Bg7 1/2-1/2

[Event "Skopje U2200 op"]
[Site "Skopje"]
[Date "2017.12.10"]
[Round "7"]
[White "Toncheva, Nadya"]
[Black "Gjorgjevski, Janco"]
[Result "0-1"]
[WhiteElo "1797"]
[BlackElo "1896"]
[PlyCount "41"]
[EventDate "2017.12.07"]
[EventType "swiss"]
[EventRounds "7"]
[EventCountry "MKD"]
[SourceTitle "CBM 182 Extra"]
[Source "ChessBase"]
[SourceDate "2018.02.23"]
[SourceVersion "1"]
[SourceVersionDate "2018.02.23"]
[SourceQuality "1"]

1. e4 c5 2. c3 d5 3. exd5 Qxd5 4. d4 Nc6 5. Nf3 Bg4 6. Be2 Nf6 7. Be3 cxd4 8. cxd4 e6 9. Nc3 Bb4 10. 0-0 Qd8 11. Qb3 Qe7 12. Rad1 h6 13. a3 Bxc3 14. bxc3 0-0 15. h3 Bh5 16. Rfe1 Rac8 17. Rc1 b6 18. Ba6 Rcd8 19. Nd2 Bg6 20. Ra1 Nd5 21. Be2 0-1

[Event "Skopje U2200 op"]
[Site "Skopje"]
[Date "2017.12.08"]
[Round "2"]
[White "Stojkovska, Monika"]
[Black "Gjorgjevski, Janco"]
[Result "1-0"]
[WhiteElo "2125"]
[BlackElo "1896"]
[PlyCount "49"]
[EventDate "2017.12.07"]
[EventType "swiss"]
[EventRounds "7"]
[EventCountry "MKD"]
[SourceTitle "CBM 182 Extra"]
[Source "ChessBase"]
[SourceDate "2018.02.23"]
[SourceVersion "1"]
[SourceVersionDate "2018.02.23"]
[SourceQuality "1"]

1. e4 e5 2. Nf3 Nf6 3. d4 Nxe4 4. Bd3 d5 5. dxe5 Nc5 6. Be2 Ne6 7. 0-0 Be7 8. c4 d4 9. Na3 c5 10. Bd3 Nc6 11. Nc2 0-0 12. Qe2 g6 13. Nfe1 f6 14. Bh6 Nxe5 15. Bxf8 Qxf8 16. f4 Nxd3 17. Nxd3 Ng7 18. Rae1 Bd6 19. Qf3 h5 20. Nf2 Be6 21. b3 b6 22. Ne4 Bg4 23. Nxf6+ Qxf6 24. Qxa8+ Kh7 25. Qd5 1-0

[Event "Skopje-ch op"]
[Site "Skopje"]
[Date "2015.12.13"]
[Round "2"]
[White "Gjorgjevski, Janco"]
[Black "Stojanovski, Dejan"]
[Result "0-1"]
[WhiteElo "2012"]
[BlackElo "2441"]
[PlyCount "30"]
[EventDate "2015.12.13"]
[EventType "swiss"]
[EventRounds "9"]
[EventCountry "MKD"]
[SourceTitle "EXT 2018"]
[Source "ChessBase"]
[SourceDate "2017.10.13"]
[SourceVersion "1"]
[SourceVersionDate "2017.10.13"]
[SourceQuality "1"]

1. c4 Nf6 2. Nc3 c5 3. Nf3 g6 4. d4 cxd4 5. Nxd4 Nc6 6. g3 Bg7 7. Bg2 0-0 8. 0-0 Nxd4 9. Qxd4 d6 10. f4 Be6 11. Bxb7 Rb8 12. Bf3 Nd5 13. Qd2 Nxc3 14. bxc3 Qa5 15. Bb2 Qb6+ 0-1

[Event "Skopje Karposh op"]
[Site "Skopje"]
[Date "2015.04.01"]
[Round "7"]
[White "Dmitrovic, Zoran"]
[Black "Gjorgjevski, Janco"]
[Result "1-0"]
[WhiteElo "2122"]
[BlackElo "1921"]
[PlyCount "91"]
[EventDate "2015.03.27"]
[EventType "swiss"]
[EventRounds "9"]
[EventCountry "MKD"]
[SourceTitle "CBM 165 Extra"]
[Source "ChessBase"]
[SourceDate "2015.04.21"]
[SourceVersion "1"]
[SourceVersionDate "2015.04.21"]
[SourceQuality "1"]

1. Nf3 Nf6 2. c4 g6 3. Nc3 Bg7 4. e4 d6 5. d4 0-0 6. h3 c5 7. d5 e6 8. Bd3 exd5 9. exd5 Re8+ 10. Be3 Nbd7 11. 0-0 Ne5 12. Nxe5 Rxe5 13. Bf4 Re8 14. Qd2 Nh5 15. Bg5 Bf6 16. Be3 Ng7 17. g4 h5 18. Be2 Be5 19. Kg2 f5 20. Bg5 Qd7 21. f3 Qf7 22. Rae1 a6 23. a4 Bd7 24. b3 Kh7 25. Nd1 Rg8 26. Nf2 Raf8 27. Bd1 Re8 28. Nd3 Bd4 29. Qf4 Bc3 30. Rxe8 Nxe8 31. Rf2 Bf6 32. Re2 Rg7 33. Re1 b5 34. axb5 axb5 35. Bc2 bxc4 36. bxc4 Bc3 37. Re2 fxg4 38. fxg4 hxg4 39. hxg4 Qxf4 40. Nxf4 Be5 41. Kf3 Nf6 42. Rxe5 dxe5 43. Bxf6 exf4 44. Bxg7 Kxg7 45. Kxf4 Kh6 46. Bd1 1-0

[Event "Skopje Karposh op"]
[Site "Skopje"]
[Date "2013.03.12"]
[Round "5"]
[White "Gjorgjevski, Janco"]
[Black "Ipekci, Baris"]
[Result "1-0"]
[WhiteElo "1909"]
[BlackElo "1671"]
[PlyCount "149"]
[EventDate "2013.03.09"]
[EventType "swiss"]
[EventRounds "9"]
[EventCountry "MKD"]
[SourceTitle "CBM 153 Extra"]
[Source "ChessBase"]
[SourceDate "2013.04.22"]
[SourceVersion "1"]
[SourceVersionDate "2013.04.22"]
[SourceQuality "1"]

1. c4 f5 2. d4 Nf6 3. g3 g6 4. Bg2 Bg7 5. Nf3 0-0 6. 0-0 d6 7. Nc3 Qe8 8. b3 Na6 9. Bb2 c6 10. e3 Bd7 11. Rc1 Ne4 12. a3 Rc8 13. Ne2 h6 14. Ne1 e6 15. f3 Ng5 16. Qd2 Qe7 17. Nf4 Kh7 18. Nh3 Nxh3+ 19. Bxh3 g5 20. Nd3 Be8 21. Rce1 Bg6 22. b4 Nc7 23. c5 d5 24. Ne5 Bxe5 25. dxe5 Rcd8 26. Rf2 Rd7 27. Bf1 a6 28. Qc1 Qg7 29. a4 Rdd8 30. Bd4 Qd7 31. Qd2 Ra8 32. Qb2 Rg8 33. h3 Rg7 34. Rh2 Rf8 35. Qe2 Ra8 36. Kf2 h5 37. Qb2 Kg8 38. Bd3 Kf7 39. Qb1 Ke7 40. Rg1 Rag8 41. Rhg2 Bf7 42. Ke2 Rh8 43. Rh1 Qe8 44. Rgh2 Bg6 45. Kd2 Qf7 46. Rf1 f4 47. exf4 Bxd3 48. Qxd3 gxf4 49. g4 hxg4 50. fxg4 Rxg4 51. Rhf2 Rgh4 52. Qf3 Qf5 53. Rg2 Rxh3 54. Qxf4 Qxf4+ 55. Rxf4 Rh2 56. Rfg4 Rxg2+ 57. Rxg2 Rh7 58. Be3 Rf7 59. Rg8 Rf8 60. Rg7+ Kd8 61. Bg5+ Kc8 62. Ke3 Kb8 63. Be7 Rc8 64. Bd6 a5 65. b5 cxb5 66. axb5 Ka7 67. Bxc7 a4 68. Bb6+ Ka8 69. Rg4 a3 70. Ra4+ Kb8 71. Rxa3 Rh8 72. Ra1 Rh3+ 73. Kf2 d4 74. Rg1 Rh8 75. Kf3 1-0